[Event "South Wales New Year Major"]
[Site "Bridgend"]
[Date "2020.01.04"]
[Round "3"]
[White "Davies, Gareth"]
[Black "Williams, David J"]
[Result "1/2-1/2"]
[WhiteElo "1380"]
[BlackElo "1651"]
[PlyCount "78"]
[EventDate "2020.01.03"]
[EventType "swiss"]
[EventRounds "5"]
[EventCountry "WLS"]
[SourceTitle "EXT 2022"]
[Source "ChessBase"]
[SourceDate "2021.10.06"]
[SourceVersion "1"]
[SourceVersionDate "2021.10.06"]
[SourceQuality "1"]

1. d4 Nf6 2. Bg5 d5 3. Nd2 e6 4. e3 Be7 5. Bd3 h6 6. Bh4 Nbd7 7. Ngf3 b6 8. Qe2 Bb7 9. Bb5 a6 10. Ba4 0-0 11. 0-0 c5 12. c3 Rc8 13. Rfe1 Ne4 14. Bxe7 Qxe7 15. Bc2 Rc7 16. Bd3 Nxd2 17. Nxd2 c4 18. Bc2 b5 19. a3 a5 20. e4 Rfc8 21. e5 Bc6 22. f4 Nf8 23. Nf3 Bd7 24. Qf2 Rb7 25. Qd2 Rcb8 26. Rf1 b4 27. axb4 axb4 28. Ba4 bxc3 29. bxc3 Bxa4 30. Rxa4 Rb2 31. Qe3 Qb7 32. Ne1 Qd7 33. Ra1 R8b3 34. Rf3 Rb1 35. Rxb1 Rxb1 36. Rf2 Qa4 37. Rd2 Qa1 38. Kf2 Rb3 39. Rc2 Qa3 1/2-1/2

[Event "WLS-ch Seniors 4th"]
[Site "Merthyr Tydfil"]
[Date "2018.09.29"]
[Round "3"]
[White "Bevan, Peter M"]
[Black "Williams, David J"]
[Result "1/2-1/2"]
[WhiteElo "1886"]
[BlackElo "1517"]
[PlyCount "99"]
[EventDate "2018.09.28"]
[EventType "swiss"]
[EventRounds "5"]
[EventCountry "WLS"]
[SourceTitle "EXT 2020"]
[Source "ChessBase"]
[SourceDate "2019.10.17"]
[SourceVersion "1"]
[SourceVersionDate "2019.10.17"]
[SourceQuality "1"]

1. Nf3 c5 2. b3 d5 3. g3 Nc6 4. Bb2 Bg4 5. Bg2 e6 6. d3 Nf6 7. 0-0 Be7 8. Nbd2 0-0 9. c4 Qc7 10. a3 Rac8 11. h3 Bh5 12. cxd5 exd5 13. d4 cxd4 14. Nxd4 Nxd4 15. Bxd4 Qc2 16. g4 Bg6 17. b4 Qxd1 18. Rfxd1 Rc2 19. Bxa7 Rfc8 20. e3 R8c3 21. f4 Bd3 22. Bd4 Rc8 23. Bf1 Bxf1 24. Kxf1 Ne4 25. Nxe4 dxe4 26. g5 h6 27. gxh6 gxh6 28. Bc5 Bxc5 29. bxc5 R8xc5 30. Rd4 Rh5 31. Rxe4 Rxh3 32. Kg1 Rhh2 33. Rb4 Rhg2+ 34. Kh1 h5 35. Rg1 Rxg1+ 36. Kxg1 Rc3 37. e4 Rxa3 38. Rxb7 Ra4 39. Rb5 Rxe4 40. Rxh5 Rxf4 41. Kg2 Kg7 42. Kg3 Rf6 43. Ra5 Rf1 44. Kg4 Kg6 45. Ra6+ f6 46. Rb6 Rg1+ 47. Kf4 Rg5 48. Ra6 Rf5+ 49. Kg4 Rf1 50. Rb6 1/2-1/2

[Event "South Wales op 15th"]
[Site "Cardiff"]
[Date "2018.07.11"]
[Round "7"]
[White "Chung, Ethan Cheung Jing"]
[Black "Williams, David J"]
[Result "1-0"]
[WhiteElo "1446"]
[BlackElo "1528"]
[PlyCount "123"]
[EventDate "2018.07.07"]
[EventType "swiss"]
[EventRounds "9"]
[EventCountry "WLS"]
[SourceTitle "EXT 2019"]
[Source "ChessBase"]
[SourceDate "2018.10.10"]
[SourceVersion "1"]
[SourceVersionDate "2018.10.10"]
[SourceQuality "1"]

1. e4 e6 2. d4 c5 3. d5 exd5 4. exd5 d6 5. c4 Nf6 6. Bd3 g6 7. Nf3 Bg7 8. Qe2+ Qe7 9. Bf4 Qxe2+ 10. Bxe2 Nh5 11. Bc1 0-0 12. 0-0 Re8 13. Bd1 a6 14. Nbd2 Nf4 15. Bc2 Ne2+ 16. Kh1 Nxc1 17. Raxc1 Bxb2 18. Rb1 Bg7 19. Rb6 Bf8 20. Ne4 Rd8 21. Ba4 Ra7 22. Rfb1 Kg7 23. Nfd2 Nd7 24. Bxd7 Rxd7 25. Nf1 h6 26. g4 f5 27. gxf5 gxf5 28. Neg3 Kf6 29. f4 Re7 30. Rxd6+ Kf7 31. Rd8 Bd7 32. d6 Bc6+ 33. Kg1 Rd7 34. Rxd7+ Bxd7 35. Rb6 Ke6 36. Ne3 Bc6 37. Nexf5 Bxd6 38. Nxd6 Kxd6 39. Rb2 Ra8 40. Kf2 Ke6 41. Re2+ Kf6 42. Re5 Rd8 43. Ke2 Rd4 44. Rxc5 Kg6 45. Ke3 Rd1 46. h4 Re1+ 47. Kd4 Rg1 48. h5+ Kf6 49. Ne4+ Kg7 50. Re5 Rd1+ 51. Kc5 Ra1 52. Re6 Rxa2 53. Rg6+ Kf7 54. Nd6+ Kf8 55. f5 Ra5+ 56. Kd4 Ke7 57. Rxh6 Bf3 58. c5 Ra4+ 59. Ke5 Rb4 60. f6+ Kd7 61. f7 Ke7 62. Re6+ 1-0

[Event "South Wales New Year Major"]
[Site "Bridgend"]
[Date "2018.01.10"]
[Round "5"]
[White "Williams, David J"]
[Black "Cooke, Thomas Daniel"]
[Result "1-0"]
[WhiteElo "1711"]
[BlackElo "1722"]
[PlyCount "57"]
[EventDate "2018.01.05"]
[EventType "swiss"]
[EventRounds "5"]
[EventCountry "WLS"]
[SourceTitle "EXT 2020"]
[Source "ChessBase"]
[SourceDate "2019.10.17"]
[SourceVersion "1"]
[SourceVersionDate "2019.10.17"]
[SourceQuality "1"]

1. e4 e5 2. Nf3 Nc6 3. Bc4 Nf6 4. d3 d5 5. exd5 Nxd5 6. Nc3 Nxc3 7. bxc3 Be7 8. h3 a6 9. a4 h6 10. Qe2 0-0 11. 0-0 Bf6 12. Qe4 Re8 13. Rb1 Qd6 14. Bd5 Be6 15. Bxe6 Rxe6 16. Rxb7 Rb8 17. Rxb8+ Nxb8 18. Be3 Nd7 19. Rb1 g5 20. c4 Qa3 21. Rb7 Bd8 22. Qf5 Qxa4 23. h4 gxh4 24. Ra7 Qxc2 25. Qg4+ Rg6 26. Qxd7 Rd6 27. Qf5 Rxd3 28. Kh2 Qb3 29. Nxe5 1-0

[Event "South Wales op 14th"]
[Site "Cardiff"]
[Date "2017.07.08"]
[Round "1"]
[White "Williams, David J"]
[Black "Van Kemenade, Rudy"]
[Result "1/2-1/2"]
[WhiteElo "1518"]
[BlackElo "1985"]
[PlyCount "119"]
[EventDate "2017.07.08"]
[EventType "swiss"]
[EventRounds "10"]
[EventCountry "WLS"]
[SourceTitle "EXT 2018"]
[Source "ChessBase"]
[SourceDate "2017.10.13"]
[SourceVersion "1"]
[SourceVersionDate "2017.10.13"]
[SourceQuality "1"]

1. e4 e5 2. Nf3 Nf6 3. Nc3 Bb4 4. Nd5 Nxd5 5. exd5 e4 6. Qe2 0-0 7. Nd4 Bc5 8. Nb3 Bb6 9. d4 d6 10. Be3 a5 11. g3 Nd7 12. Bg2 f5 13. 0-0-0 a4 14. Nd2 Nf6 15. c4 c6 16. dxc6 bxc6 17. Nb1 Ba6 18. Qc2 d5 19. Na3 Ba5 20. Bd2 Bc7 21. Bf1 Re8 22. h3 Kh8 23. c5 Bc8 24. Be2 Bd7 25. Be3 Qb8 26. Bd2 f4 27. gxf4 Bxf4 28. Be3 Rf8 29. Rdg1 Ra7 30. Qd2 Ng8 31. Bg4 Nh6 32. Rg2 Bxe3 33. fxe3 Nf5 34. Bxf5 Bxf5 35. Rf2 Be6 36. Rxf8+ Qxf8 37. Qg2 Rf7 38. Re1 Rf2 39. Qg3 Rf3 40. Qc7 Qc8 41. Qe7 Bxh3 42. Nc2 h6 43. Qd6 Rf6 44. Qg3 Bf1 45. Nb4 Qb7 46. a3 Bd3 47. Kd2 Qb5 48. Rg1 g5 49. Qe5 Kg7 50. Qe7+ Rf7 51. Qe5+ Kh7 52. Qe6 Rf2+ 53. Ke1 Re2+ 54. Kf1 Rxe3+ 55. Kg2 Qb8 56. Qf7+ Kh8 57. Qf6+ Kg8 58. Qg6+ Kf8 59. Qf6+ Kg8 60. Qg6+ 1/2-1/2

[Event "South Wales Autumn op"]
[Site "Pencoed"]
[Date "2016.10.08"]
[Round "2"]
[White "Smith, Lynda"]
[Black "Williams, David J"]
[Result "1/2-1/2"]
[WhiteElo "1881"]
[BlackElo "1531"]
[PlyCount "96"]
[EventDate "2016.10.07"]
[EventType "swiss"]
[EventRounds "5"]
[EventCountry "WLS"]
[SourceTitle "CBM 175 Extra"]
[Source "ChessBase"]
[SourceDate "2016.12.12"]
[SourceVersion "1"]
[SourceVersionDate "2016.12.12"]
[SourceQuality "1"]

1. e4 e5 2. Nf3 Nc6 3. Bb5 a6 4. Bxc6 dxc6 5. d4 exd4 6. Qxd4 Qxd4 7. Nxd4 f6 8. Be3 Bd6 9. Nd2 Ne7 10. f4 0-0 11. 0-0 c5 12. N4f3 Ng6 13. g3 b5 14. Nb3 c4 15. Nc5 Re8 16. Rad1 Bg4 17. Rde1 Bxc5 18. Bxc5 Bxf3 19. Rxf3 Rad8 20. Rfe3 Rd2 21. R3e2 Red8 22. Bb4 Rd1 23. Kf2 Kf7 24. Ba5 Rxe1 25. Kxe1 Rd7 26. Rd2 Rxd2 27. Kxd2 c6 28. Bb4 h5 29. h4 Nf8 30. Ke3 Nd7 31. Kd4 g6 32. f5 gxf5 33. exf5 Ke8 34. a4 Kf7 35. b3 cxb3 36. cxb3 Ke8 37. Bd6 Kd8 38. axb5 axb5 39. Ke4 Ke8 40. b4 Kf7 41. g4 hxg4 42. Kf4 g3 43. Kxg3 Kg7 44. Kg4 Kh7 45. Kh5 Kg7 46. Kg4 Kh7 47. h5 Kg7 48. Kh4 Kh7 1/2-1/2

[Event "WLS-ch Seniors 2nd"]
[Site "Penarth"]
[Date "2016.08.29"]
[Round "5"]
[White "Williams, David J"]
[Black "Saunders, Walter NR"]
[Result "0-1"]
[WhiteElo "1530"]
[BlackElo "2047"]
[PlyCount "60"]
[EventDate "2016.08.27"]
[EventType "swiss"]
[EventRounds "5"]
[EventCountry "WLS"]
[SourceTitle "EXT 2018"]
[Source "ChessBase"]
[SourceDate "2017.10.13"]
[SourceVersion "1"]
[SourceVersionDate "2017.10.13"]
[SourceQuality "1"]

1. e4 e6 2. d4 d5 3. e5 c5 4. c3 Nc6 5. Nf3 Nge7 6. Be2 Nf5 7. dxc5 Bxc5 8. g4 Nh4 9. Nbd2 0-0 10. g5 Ng6 11. Nb3 Bb6 12. h4 Ngxe5 13. Bf4 Nxf3+ 14. Bxf3 e5 15. Bg3 Be6 16. 0-0 f6 17. Bg4 f5 18. Be2 f4 19. Bh2 Qd7 20. Qd2 Bh3 21. Kh1 Bxf1 22. Bxf1 Rad8 23. Qe2 f3 24. Qd2 Qg4 25. Bg3 e4 26. Kh2 Qd7 27. Nd4 Nxd4 28. cxd4 Bc7 29. Bxc7 Qxc7+ 30. Kh3 Rc8 0-1

[Event "WLS-ch Seniors 1st"]
[Site "Newport"]
[Date "2015.08.31"]
[Round "5"]
[White "Hughes, Beryl"]
[Black "Williams, David J"]
[Result "0-1"]
[WhiteElo "1561"]
[BlackElo "1561"]
[PlyCount "82"]
[EventDate "2015.08.28"]
[EventType "swiss"]
[EventRounds "6"]
[EventCountry "WLS"]
[SourceTitle "EXT 2018"]
[Source "ChessBase"]
[SourceDate "2017.10.13"]
[SourceVersion "1"]
[SourceVersionDate "2017.10.13"]
[SourceQuality "1"]

1. d4 c5 2. e3 cxd4 3. exd4 e6 4. Nf3 d5 5. Bd3 Nf6 6. Nbd2 Nc6 7. c3 Be7 8. 0-0 0-0 9. Re1 Qc7 10. Ne5 Nxe5 11. dxe5 Nd7 12. Nf3 h6 13. Bf4 a6 14. Nd4 Qb6 15. Qg4 f5 16. Qg6 Rf7 17. Bxh6 Nf8 18. Qg3 Bc5 19. Be3 Bxd4 20. Bxd4 Qxb2 21. Qe3 Qa3 22. f4 Nd7 23. c4 dxc4 24. Bxc4 Qe7 25. Be2 g6 26. Rac1 Nf8 27. Bc5 Qe8 28. Red1 b5 29. Bf3 Bb7 30. Bxb7 Rxb7 31. Qf3 Rc7 32. Qf2 Rac8 33. Qe3 Nd7 34. Bd6 Rc4 35. Qd2 Nb6 36. g3 Nd5 37. Kg2 Qc6 38. Rxc4 Qxc4 39. Kh3 Kf7 40. Ba3 Qe4 41. Rc1 Rh8# 0-1

[Event "Buxton e2e4 op-B 03"]
[Site "Buxton"]
[Date "2013.03.17"]
[Round "5"]
[White "Williams, David J"]
[Black "Brown, Kevin M"]
[Result "1-0"]
[WhiteElo "1942"]
[BlackElo "1751"]
[PlyCount "47"]
[EventDate "2013.03.15"]
[EventType "swiss"]
[EventRounds "5"]
[EventCountry "ENG"]
[SourceTitle "EXT 2015"]
[Source "ChessBase"]
[SourceDate "2014.11.20"]
[SourceVersion "1"]
[SourceVersionDate "2014.11.20"]
[SourceQuality "1"]

1. d4 d5 2. Bf4 c5 3. e3 Nc6 4. Nc3 Nf6 5. Nb5 g5 6. Nc7+ Kd7 7. Bg3 e6 8. Nxa8 Ne4 9. Bc7 Qe7 10. Bb5 Bg7 11. c3 cxd4 12. exd4 a6 13. Bxc6+ bxc6 14. Bg3 Nxg3 15. hxg3 e5 16. Nb6+ Kd6 17. Nxc8+ Rxc8 18. dxe5+ Qxe5+ 19. Qe2 Qf5 20. 0-0-0 Rc7 21. Nf3 Re7 22. Qd3 Qc8 23. Rxh7 f5 24. Nd4 1-0

[Event "Tom Weston Major op"]
[Site "Wales"]
[Date "2007.04.09"]
[Round "6"]
[White "Stewart, Jimmy"]
[Black "Williams, David J"]
[Result "1-0"]
[WhiteElo "1841"]
[BlackElo "1530"]
[PlyCount "105"]
[EventDate "2007.04.06"]
[EventType "swiss"]
[EventRounds "7"]
[EventCountry "WLS"]
[SourceTitle "EXT 2010"]
[Source "ChessBase"]
[SourceDate "2010.11.25"]
[SourceVersion "1"]
[SourceVersionDate "2010.11.25"]
[SourceQuality "1"]

1. e4 e6 2. d4 d5 3. Nc3 Bb4 4. e5 c5 5. a3 Bxc3+ 6. bxc3 Nc6 7. Nf3 Nge7 8. Be2 0-0 9. 0-0 Qc7 10. Re1 Nf5 11. g4 Nfe7 12. a4 b6 13. Ba3 Na5 14. Qc1 Bb7 15. Rb1 Nc4 16. dxc5 bxc5 17. Bxc5 Qxc5 18. Rxb7 Ng6 19. Rb5 Qc7 20. h3 Rfb8 21. Bxc4 Qxc4 22. Qb2 Rxb5 23. axb5 Qf4 24. Re3 h5 25. gxh5 Nh4 26. Nxh4 Qxh4 27. Qb4 Qxh5 28. Qd4 Qf5 29. c4 dxc4 30. Qxc4 Rd8 31. Qe2 Rd5 32. c4 Qb1+ 33. Kg2 Rd8 34. Re4 Rd1 35. Rh4 Rg1+ 36. Kh2 Rh1+ 37. Kg2 Qg1+ 38. Kf3 Qg5 39. Qe4 Qf5+ 40. Qxf5 exf5 41. Kf4 g6 42. Ke3 Re1+ 43. Kd4 Kf8 44. Kd5 Ke7 45. Rd4 Re2 46. f4 Re3 47. Kc6 Re4 48. Kd5 Re3 49. h4 Rh3 50. Kc6 Ra3 51. c5 Ra2 52. Kb7 Ra5 53. Rb4 1-0

[Event "Tom Weston Major op"]
[Site "Wales"]
[Date "2007.04.09"]
[Round "7"]
[White "Williams, David J"]
[Black "Thomas, James M"]
[Result "0-1"]
[WhiteElo "1530"]
[BlackElo "1575"]
[PlyCount "72"]
[EventDate "2007.04.06"]
[EventType "swiss"]
[EventRounds "7"]
[EventCountry "WLS"]
[SourceTitle "EXT 2010"]
[Source "ChessBase"]
[SourceDate "2010.11.25"]
[SourceVersion "1"]
[SourceVersionDate "2010.11.25"]
[SourceQuality "1"]

1. Nf3 c5 2. e4 d6 3. d4 cxd4 4. Nxd4 Nf6 5. Nc3 g6 6. Be2 Bg7 7. Be3 Nc6 8. f4 0-0 9. 0-0 e6 10. Bf3 d5 11. e5 Ne8 12. Qe1 f6 13. exf6 Bxf6 14. Nxc6 bxc6 15. Qf2 Qc7 16. Na4 Qa5 17. Nc5 Bxb2 18. Rad1 Ba3 19. Nb3 Qc7 20. Qh4 Nd6 21. Be2 Nf5 22. Qf2 Nxe3 23. Qxe3 Qb6 24. Nd4 Bc5 25. c3 Bd7 26. Qg3 Rf7 27. Bg4 Re8 28. h4 Qc7 29. h5 Rf6 30. h6 Ref8 31. Kh2 Bxd4 32. cxd4 Rxf4 33. Rfe1 Qb8 34. Re5 c5 35. Bh3 cxd4 36. Qe1 Re4 0-1

[Event "Tom Weston Major op"]
[Site "Wales"]
[Date "2007.04.07"]
[Round "3"]
[White "Blackburn, Jonathan LB"]
[Black "Williams, David J"]
[Result "1/2-1/2"]
[WhiteElo "1520"]
[BlackElo "1530"]
[PlyCount "68"]
[EventDate "2007.04.06"]
[EventType "swiss"]
[EventRounds "7"]
[EventCountry "WLS"]
[SourceTitle "EXT 2010"]
[Source "ChessBase"]
[SourceDate "2010.11.25"]
[SourceVersion "1"]
[SourceVersionDate "2010.11.25"]
[SourceQuality "1"]

1. d4 f5 2. Nf3 Nf6 3. Bg5 h6 4. Bxf6 exf6 5. e3 d5 6. Nh4 Qe7 7. c3 Qf7 8. Bd3 c6 9. Nxf5 g6 10. Nh4 f5 11. Qc2 Qf6 12. Nf3 Rg8 13. Nbd2 Bd6 14. g3 Nd7 15. Nh4 Nf8 16. f4 a5 17. Nhf3 a4 18. Ne5 Bxe5 19. dxe5 Qd8 20. Nf3 Qb6 21. Qd2 Be6 22. Nd4 Ke7 23. Kf2 Nd7 24. b4 axb3 25. axb3 Nc5 26. Bc2 Ra7 27. b4 Nd7 28. Nb3 Rga8 29. Na5 Qc7 30. Rhc1 b6 31. Nb3 Ra2 32. Rxa2 Rxa2 33. Ra1 Rxa1 34. Nxa1 c5 1/2-1/2

[Event "IECC M email"]
[Site "IECC email"]
[Date "2002.05.21"]
[Round "?"]
[White "Shinn, Samuel E"]
[Black "Williams, David J"]
[Result "1-0"]
[WhiteElo "1053"]
[BlackElo "1000"]
[PlyCount "49"]
[EventDate "2002.??.??"]
[EventType "tourn (corr)"]
[EventRounds "6"]
[SourceTitle "Corr 2008"]
[Source "ChessBase"]
[SourceDate "2008.06.24"]
[SourceVersion "1"]
[SourceVersionDate "2008.06.24"]
[SourceQuality "1"]

1. e4 e5 2. Nf3 d6 3. Bc4 Nf6 4. Nc3 Nc6 5. 0-0 Bg4 6. Nb5 Nxe4 7. d3 Nc5 8. d4 Ne4 9. Bd5 Ng5 10. Bxg5 Nxd4 11. Bxd8 Rxd8 12. Nbxd4 c6 13. Bxf7+ Kxf7 14. Ng5+ Kf6 15. Qxg4 exd4 16. Rae1 h6 17. Ne6 Re8 18. Qxd4+ Kf7 19. Qf4+ Ke7 20. Nc7+ Kd7 21. Nxe8 Be7 22. Rxe7+ Kxe7 23. Re1+ Kd7 24. Qxd6+ Kc8 25. Qc7# 1-0

[Event "IECC M email"]
[Site "IECC email"]
[Date "2002.05.21"]
[Round "?"]
[White "Williams, David J"]
[Black "Shinn, Samuel E"]
[Result "0-1"]
[WhiteElo "987"]
[BlackElo "1066"]
[PlyCount "68"]
[EventDate "2002.??.??"]
[EventType "tourn (corr)"]
[EventRounds "6"]
[SourceTitle "Corr 2008"]
[Source "ChessBase"]
[SourceDate "2008.06.24"]
[SourceVersion "1"]
[SourceVersionDate "2008.06.24"]
[SourceQuality "1"]

1. e4 e5 2. Nf3 d6 3. Bc4 Nf6 4. 0-0 Nxe4 5. Nc3 Nxf2 6. Rxf2 Bg4 7. Bb5+ c6 8. Ba4 Be7 9. d4 0-0 10. Bg5 Bxg5 11. Nxg5 Qxg5 12. Qe1 exd4 13. Ne4 Qe5 14. Rd1 Bxd1 15. Qxd1 Qxe4 16. Re2 Qg4 17. c3 dxc3 18. bxc3 Nd7 19. h3 Qg3 20. Qe1 Qxe1+ 21. Rxe1 Nc5 22. Bc2 Rae8 23. Rd1 Re2 24. Bf5 Rxa2 25. Rxd6 g6 26. Bg4 Ne4 27. Rd4 Re8 28. Bd7 Re7 29. Bg4 Nf6 30. Bc8 Ree2 31. Bxb7 Rxg2+ 32. Kf1 Nh5 33. Bxc6 Ng3+ 34. Ke1 Rg1# 0-1